Sports Quiz

Random Sports or NFL Quiz

Longest Runs in NFL History Quiz Stats

 Plays Quiz not verified by Sporcle

Challenge
Share
Tweet
Embed
Score 0/30 Timer 05:00
0 Plays Today
Year (Team) Player % Correct
2009 (Tennessee Titans)Chris Johnson
90.7%
1994 (New York Jets)Johnny Johnson
89.5%
2003 (Green Bay Packers)Ahman Green
87.2%
2004 (Green Bay Packers)Ahman Green
87.2%
2001 (Seattle Seahawks)Shaun Alexander
84.3%
2005 (Seattle Seahawks)Shaun Alexander
84.3%
2005 (New York Giants)Tiki Barber
83.4%
1972 (Buffalo Bills)O.J. Simpson
76.4%
1975 (Buffalo Bills)O.J. Simpson
76.4%
1982 (Dallas Cowboys)Tony Dorsett
71.6%
2001 (Cincinnati Bengals)Corey Dillon
69%
2007 (New York Giants)Ahmad Bradshaw
68.1%
2006 (Minnesota Vikings)Chester Taylor
64.9%
2006 (Atlanta Falcons)Warrick Dunn
62.6%
1989 (Los Angeles Raiders)Bo Jackson
56.5%
Year (Team) Player % Correct
1987 (Los Angeles Raiders)Bo Jackson
56.5%
1990 (Los Angeles Raiders)Bo Jackson
56.5%
1998 (San Francisco 49ers)Garrison Hearst
48.6%
1994 (Philadelphia Eagles)Herschel Walker
23.6%
1982 (Philadelphia Eagles)Wilbert Montgomery
21.1%
1980 (Oakland Raiders)Kenny King
8.9%
1959 (Cleveland Browns)Bobby Mitchell
4.8%
1952 (San Francisco 49ers)Hugh McElhenny
4.2%
1947 (Los Angeles Rams)Kenny Washington
1.3%
1939 (Green Bay Packers)Andy Uram
0.6%
1949 (Pittsburgh Steelers)Bob Gage
0.3%
1950 (Detroit Lions)Bob Hoernschemeyer
0.3%
1950 (Baltimore Colts)Jim Spavital
0.3%
1954 (Washington Redskins)Billy Wells
0.3%
1964 (Houston Oilers)Sid Blanks
-0.3%

You're not logged in!

Compare scores with friends on all Sporcle quizzes.
Join for Free
OR
Log In

You Might Also Like...

Show Comments

Extras

Created Oct 3, 2009ReportNominate
Tags:NFL Quiz, longest, player, run, team, yard

Top Quizzes Today


Score Distribution

Your Account Isn't Verified!

In order to create a playlist on Sporcle, you need to verify the email address you used during registration. Go to your Sporcle Settings to finish the process.

Report this User

Report this user for behavior that violates our Community Guidelines.

Details: